Online Public Access Catalogue

The Enzymology of Post_translational Modification of Proteins / (Record no. 1209)

MARC details
000 -LEADER
fixed length control field 00529nam a2200169Ia 4500
020 ## - INTERNATIONAL STANDARD BOOK NUMBER
International Standard Book Number 0122665015
082 ## - DEWEY DECIMAL CLASSIFICATION NUMBER
Classification number 547.75
Author Mark FRE
100 ## - MAIN ENTRY--PERSONAL NAME
Author Name Freedman, Robert B. (ed)
245 #4 - TITLE STATEMENT
Title The Enzymology of Post_translational Modification of Proteins /
260 ## - PUBLICATION, DISTRIBUTION, ETC.
Place of publication, distribution, etc. London
Name of publisher, distributor, etc. Academic press
Date of publication, distribution, etc. 1980
300 ## - PHYSICAL DESCRIPTION
No of Pages 515
illustrations ill
Dimensions 24cm
490 ## - Volume Statement
Volume 1
504 ## - BIBLIOGRAPHY, ETC. NOTE
Bibliography, Index, etc. note include:index
650 ## - SUBJECT ADDED ENTRY--TOPICAL TERM
Subject Enzymes. Proteins. Biochemistry.
Keywords proteins, enzymes,
942 ## - ADDED ENTRY ELEMENTS (KOHA)
Koha item type Books
Source of classification or shelving scheme
Holdings
Item status Home library Current library Shelving location Date acquired Total Checkouts Full call number Barcode Date last seen Koha item type
  Islamabad Medical and Dental College Islamabad Medical and Dental College Islamabad Medical and Dental College 16/03/2018   547.75 FRE 1652 16/03/2018 Books

Copyright @ IMDC Library
Islamabad Medical and Dental College
Bhara Kahu, Islamabad

  Contact the Librarian, IMDC
  Email:: library@imdcollege.edu.pk

  OPAC Customized by
  Mazhar Hussain,
  Librarian:
  Islamabad Medical and Dental College
  Email:: library@imdcollege.edu.pk